[Event "Pan American-ch School U15 12th"]
[Site "Callao"]
[Date "2023.10.20"]
[Round "8"]
[White "Alfaro Zambrano, Luis Fabricio"]
[Black "Paco Herrera, Fernando Daniel"]
[Result "1/2-1/2"]
[WhiteElo "1754"]
[BlackElo "1437"]
[PlyCount "141"]
[EventDate "2023.10.16"]
[EventType "swiss"]
[EventRounds "9"]
[EventCountry "PER"]
[SourceTitle "CBM 217 Extra"]
[Source "ChessBase"]
[SourceDate "2024.01.31"]
[SourceVersion "1"]
[SourceVersionDate "2024.01.31"]
[SourceQuality "1"]

1. e4 c6 2. Nc3 d5 3. Nf3 Bg4 4. Be2 Bxf3 5. Bxf3 e6 6. d4 g6 7. 0-0 Bg7 8. Be3 Ne7 9. Qd2 0-0 10. Rad1 Nd7 11. Bg5 Re8 12. Rfe1 Nb6 13. b3 Qd7 14. a4 Rad8 15. e5 Qc7 16. h4 a6 17. Ne2 c5 18. c3 a5 19. Bf6 h6 20. dxc5 Qxc5 21. Nd4 Nd7 22. b4 Qb6 23. Bxg7 Kxg7 24. Qf4 Rc8 25. Nb5 Rf8 26. Be2 Nc6 27. Bd3 f6 28. bxa5 Qxa5 29. exf6+ Rxf6 30. Qd6 Nf8 31. Ra1 Qb6 32. Qg3 e5 33. Bf1 Nd7 34. Ra2 Rcf8 35. Rd1 Qc5 36. Nc7 d4 37. Nb5 Nb6 38. cxd4 exd4 39. Rad2 Rf4 40. Nc7 Qe5 41. Nb5 Qf6 42. h5 g5 43. Bd3 Nxa4 44. Bc2 Nc5 45. Re1 Rf7 46. Bg6 Re7 47. Rc1 Re5 48. Qa3 Qe7 49. Rdd1 Qf8 50. f3 Qe7 51. Qb2 Ne6 52. Be4 Qd7 53. g3 Rfxe4 54. fxe4 Rxe4 55. Qf2 Re5 56. Na3 Nc5 57. Rf1 Qe7 58. Rce1 Ne4 59. Qf3 b5 60. Nxb5 Re6 61. Nc7 Re5 62. Nb5 Re6 63. Nc7 Re5 64. Nb5 Nd2 65. Qxc6 Rxe1 66. Qg6+ Kh8 67. Qxh6+ Kg8 68. Qg6+ Kh8 69. Qh6+ Kg8 70. Qg6+ Kh8 71. Qh6+ 1/2-1/2

[Event "Pan American-ch School U15 12th"]
[Site "Callao"]
[Date "2023.10.18"]
[Round "5"]
[White "Paco Herrera, Fernando Daniel"]
[Black "Santivanez Atencio, Tiago Gerard"]
[Result "1-0"]
[WhiteElo "1437"]
[BlackElo "1587"]
[PlyCount "77"]
[EventDate "2023.10.16"]
[EventType "swiss"]
[EventRounds "9"]
[EventCountry "PER"]
[SourceTitle "CBM 217 Extra"]
[Source "ChessBase"]
[SourceDate "2024.01.31"]
[SourceVersion "1"]
[SourceVersionDate "2024.01.31"]
[SourceQuality "1"]

1. d4 d5 2. c4 c6 3. Nc3 Nf6 4. Nf3 e6 5. Bg5 dxc4 6. e4 b5 7. e5 h6 8. Bh4 g5 9. Nxg5 hxg5 10. Bxg5 Nbd7 11. Qf3 Bb7 12. Be2 Bh6 13. Bxh6 Rxh6 14. exf6 Qc7 15. Ne4 0-0-0 16. 0-0-0 Rxh2 17. Rxh2 Qxh2 18. g3 Qh6+ 19. Kb1 Qg6 20. Ka1 Kc7 21. Qf4+ Kb6 22. Bf3 Qf5 23. Qe3 Kc7 24. g4 Qg6 25. Rh1 c5 26. Qf4+ e5 27. dxe5 Kb6 28. Rd1 Nxf6 29. Nxf6 Rxd1+ 30. Bxd1 Qd3 31. Qc1 b4 32. Bc2 Qe2 33. f4 a5 34. Qd1 Qe3 35. Qd6+ Ka7 36. Nd7 Qc1+ 37. Bb1 c3 38. Qb6+ Ka8 39. Qxa5+ 1-0

[Event "Pan American-ch School U15 12th"]
[Site "Callao"]
[Date "2023.10.17"]
[Round "4"]
[White "Paco Herrera, Fernando Daniel"]
[Black "Sanchez Negreiros, Jose Alberto"]
[Result "1/2-1/2"]
[WhiteElo "1437"]
[BlackElo "1694"]
[PlyCount "88"]
[EventDate "2023.10.16"]
[EventType "swiss"]
[EventRounds "9"]
[EventCountry "PER"]
[SourceTitle "CBM 217 Extra"]
[Source "ChessBase"]
[SourceDate "2024.01.31"]
[SourceVersion "1"]
[SourceVersionDate "2024.01.31"]
[SourceQuality "1"]

1. d4 d5 2. c4 dxc4 3. e4 e6 4. Nc3 Nf6 5. Bg5 Be7 6. Nf3 a6 7. a4 h6 8. Bxf6 Bxf6 9. Bxc4 c5 10. d5 e5 11. h3 Qd6 12. a5 0-0 13. Bd3 Be7 14. 0-0 Nd7 15. Nd2 Qg6 16. Nc4 Re8 17. f4 Bf8 18. Qf3 Qf6 19. d6 exf4 20. Nd5 Qd4+ 21. Kh1 Ne5 22. Nxe5 Qxe5 23. Nc7 Be6 24. Nxa8 Rxa8 25. Qxf4 Bxd6 26. Qxe5 Bxe5 27. Rac1 Rc8 28. Bc4 Bxb2 29. Bxe6 fxe6 30. Rb1 Bc3 31. Rxb7 Bxa5 32. Ra1 Bc3 33. Rxa6 Re8 34. Raa7 Bf6 35. Ra6 c4 36. Rc6 c3 37. Rbc7 Kf8 38. Kg1 Re7 39. Kf2 Bd4+ 40. Kf3 Rf7+ 41. Rxf7+ Kxf7 42. Rc4 Be5 43. Rc5 Kf6 44. Ke3 g5 1/2-1/2

[Event "Pan American-ch School U15 12th"]
[Site "Callao"]
[Date "2023.10.16"]
[Round "1"]
[White "Villavicencio Luna Victoria, Fernando Daniel"]
[Black "Paco Herrera, Fernando Daniel"]
[Result "0-1"]
[WhiteElo "1025"]
[BlackElo "1437"]
[PlyCount "64"]
[EventDate "2023.10.16"]
[EventType "swiss"]
[EventRounds "9"]
[EventCountry "PER"]
[SourceTitle "CBM 217 Extra"]
[Source "ChessBase"]
[SourceDate "2024.01.31"]
[SourceVersion "1"]
[SourceVersionDate "2024.01.31"]
[SourceQuality "1"]

1. e4 c6 2. d4 d5 3. exd5 cxd5 4. c4 Nf6 5. Nc3 e6 6. h3 Nc6 7. Nf3 Be7 8. Be2 Ne4 9. Qc2 f5 10. Be3 Bf6 11. cxd5 exd5 12. 0-0 Be6 13. Bb5 Rc8 14. Rfd1 0-0 15. Rac1 g5 16. Qa4 Qe7 17. Qb3 f4 18. Bxc6 bxc6 19. Bd2 g4 20. Ne1 Bxd4 21. Nxe4 dxe4 22. Qc2 e3 23. Bb4 exf2+ 24. Kf1 fxe1Q+ 25. Rxe1 c5 26. Qd3 g3 27. Qxd4 cxb4 28. Rxc8 Rxc8 29. a3 bxa3 30. bxa3 f3 31. Qe5 Bc4+ 32. Kg1 f2+ 0-1